| 000 | 00631nam a2200205 a 4500 | ||
|---|---|---|---|
| 005 | 20240911064723.0 | ||
| 008 | 070212s2004 mx r 000 0 spa d | ||
| 020 | _a987100446X | ||
| 035 | _aUPN01000149288 | ||
| 049 | _aCG | ||
| 050 | 4 |
_aHM1206 _bE4.3 |
|
| 100 | 1 | _aElizalde, Luciano H. | |
| 245 | 1 | 0 |
_aEstrategias en las crisis públicas : _bla función de la comunicación / _cLuciano H. Elizalde. |
| 260 |
_aBuenos Aires : _bLa Crujía, _c2004. |
||
| 300 | _a173 p. | ||
| 440 | 0 |
_aInclusiones. _pHerramientas |
|
| 650 | 7 |
_aComunicación _xAspectos sociales _2 _96056 |
|
| 650 | 4 |
_aRELACIONES PUBLICAS _96171 |
|
| 905 | _aLibro | ||
| 999 |
_c121429 _d121429 |
||